| 000 | 00721nam a2200205 a 4500 | ||
|---|---|---|---|
| 005 | 20210223125215.0 | ||
| 008 | 031103s1991 es r 000 0 spa d | ||
| 020 | _a8487189857 | ||
| 035 | _aUPN01000130590 | ||
| 049 | _aCG | ||
| 050 | 4 |
_aHD69 C6 _bG7.5 |
|
| 100 | 1 | _aGreenbaum, Thomas L. | |
| 245 | 1 | 0 |
_aManual del consultor : _bguía completa para lograr el éxito como consultor / _cThomas L. Greenbaum ; tr. Diorky. |
| 260 |
_aMadrid : _bDíaz de Santos, _c1991. |
||
| 300 | _a233 p. | ||
| 534 |
_pTraducción de: _tThe consultant's manual : a complete guide to building a successful consulting practice |
||
| 650 | 4 |
_aCONSULTORES DE NEGOCIOS _912249 |
|
| 650 | 4 |
_aCONSULTORES - _vMANUALES _93583 |
|
| 905 | _aLibro | ||
| 999 |
_c102747 _d102747 |
||